| 000 | 00752nam a2200193 4500 | ||
|---|---|---|---|
| 008 | s2002 fr fre u | ||
| 020 | _a2210623731 | ||
| 020 | _a9782210623736 | ||
| 040 | _aLB-BrCRDP | ||
| 082 | 1 |
_a372.4 _bMET |
|
| 100 | 1 | _aGuillaumond, Françoise | |
| 245 | 1 | 0 |
_aMéthode de lecture - CP _bGuide pédagogique et fichier photocopiable, Vol.2 _cFrançoise Guillaumond |
| 260 |
_aParis _bMagnard _c2002 |
||
| 300 |
_a399 p. _c30 x 22 cm |
||
| 490 | 0 | _aQue d'histoires! | |
| 500 | _aDes fiches pédagogiques détaillées pour l'exploitation des 5 albums:Poulette Crevette, La haute tour sombre, Pas si grave, Le trésor d'Erik le rouge, L'enfant du toit du monde. | ||
| 942 | _cBK | ||
| 999 |
_c9334 _d9334 |
||